[Event "Cup Governor's"]
[Site "masterchessopen.com Khanty Mansyisk (Russia)"]
[Date "2007.11.24"]
[Round "6"]
[White "Brygov Igor (RUS)"]
[Black "Tolstikh Nikolay (RUS)"]
[Result "1-0"]
[WhiteElo "1900"]
[BlackElo "2398"]

1.d4 Nf6 2.c4 e6 3.Nc3 Bb4 4.Qc2 d5 5.a3 Bxc3+ 6.Qxc3 Nc6 7.Bg5 h6 8.cxd5 exd5
9.Bf4 Ne4 10.Qd3 Qf6 11.Be3 Bf5 12.Qd1 O-O 13.g3 Na5 14.Nf3 Nc4 15.Bc1 Rac8
16.Bg2 c5 17.O-O cxd4 18.Qxd4 Qxd4 19.Nxd4 Bg6 20.Rd1 a6 21.f3 Nf6 22.Bh3 Rc5
23.b3 Nb6 24.Be3 Re8 25.Kf2 Rc3 26.Bd2 Rc5 27.Bb4 Rc7 28.Ba5 Nfd7 29.Bxd7 Rxd7
30.Bxb6 Rd6 31.Bc7 Rd7 32.Bf4 {#r} 1-0

[Event "Cup Belgrade (open)"]
[Site "masterchessopen.com Obrenovac (Yugoslavia)"]
[Date "2007.11.26"]
[Round "5"]
[White "Arbutina Sinisa (SRB)"]
[Black "Pantovic Dragan M (SRB)"]
[Result "0-1"]
[WhiteElo "2293"]
[BlackElo "2137"]

1.d4 Nf6 2.c4 e6 3.Nc3 Bb4 4.Qc2 d5 5.a3 Bxc3+ 6.Qxc3 c5 7.dxc5 d4 8.Qc2 e5
9.e3 a5 10.Nf3 Nc6 11.Bd3 Bg4 12.Ng5 Nd7 13.Ne4 O-O 14.Ng3 h6 15.O-O Nxc5
16.e4 Qb6 17.Bd2 Qb3 18.f3 Be6 19.Qxb3 Nxb3 20.Rfd1 Nxa1 21.Rxa1 a4 22.Nf1
Rfc8 23.Kf2 Na5 24.Bxa5 Rxa5 25.Nd2 g6 26.Rb1 Rc7 27.h3 Ra8 28.Ke2 Rac8 29.Re1
Kf8 30.Rf1 Rc6 31.Kd1 g5 32.Ke2 Ke7 33.Rh1 h5 34.Rb1 Bxc4 35.Nxc4 Rxc4 36.Bxc4
Rxc4 37.Kd3 Rc6 38.Rd1 Rb6 39.Kc2 Rb3 40.Kb1 Rb6 41.Rc1 Rc6 42.Rd1 h4 43.Rd2
Kd6 44.Ka2 Rc1 45.b3 axb3+ 46.Kxb3 Kc5 47.Ka4 Rc4+ {#R} 0-1

[Event "Cup World (active)"]
[Site "masterchessopen.com Khanty Mansyisk (Russia)"]
[Date "2007.11.29"]
[Round "2"]
[White "Carlsen Magnus (NOR)"]
[Black "Naiditsch Arkadij (GER)"]
[Result "1-0"]
[WhiteElo "2714"]
[BlackElo "2647"]

{ Carlsen Magnus (NOR) +0 =2 -0 Naiditsch Arkadij (GER) +0 =1 -0 Carlsen
Magnus (NOR)-Naiditsch Arkadij (GER) +0 =1 -0 } 1.d4 Nf6 2.c4 e6 3.Nc3 Bb4
4.Qc2 d5 5.a3 Bxc3+ 6.Qxc3 { = } 6...c5 ( 6...Ne4 7.Qc2 Nc6 8.e3 e5 9.cxd5
Qxd5 10.Bc4 Qa5+ 11.b4 Nxb4 12.Qxe4 Nc2+ 13.Ke2 Qe1+ 14.Kf3 Nxa1 15.Bb2 O-O
16.Kg3 h6 17.h4 Re8 18.Kh2 Qxf2 19.Bxa1 Bf5 20.Qxb7 exd4 21.Nf3 Be4 22.Qxc7
Bxf3 23.Qxf7+ Kh8 24.Qxf3 Qxh4+ 25.Kg1 Qe1+ 26.Bf1 { ...1/2-1/2, Kasparov
Garry 2813 - Adams Michael 2740 , Izmir 7.10.2004 Cup European Club } ) (
6...Nc6 7.Bg5 dxc4 8.e3 h6 9.Bxf6 Qxf6 10.Nf3 O-O 11.Bxc4 Re8 12.Rd1 a6 13.O-O
Bd7 14.Rd2 Qe7 15.Ba2 Qd6 16.Rc1 Rac8 17.Bb1 Ne7 18.Ne5 Nd5 19.Qb3 Bb5 20.Qc2
Nf6 21.h3 Red8 22.Ng4 Qe7 23.Nxf6+ Qxf6 24.Qh7+ Kf8 25.Rdc2 Bc6 26.Rc5 {
...1/2-1/2, Gurevich Mikhail 2652 - Parligras Mircea 2577 , Warsaw 28. 6.2005
Ch Europe } ) ( 6...dxc4 7.Qxc4 b6 8.Nf3 Ba6 9.Qc2 Nbd7 10.Bg5 O-O 11.e4 Bxf1
12.Rxf1 h6 13.Bxf6 Nxf6 14.O-O-O Rc8 15.Kb1 Qe7 16.Rfe1 Rfd8 17.Ne5 c5 18.d5
exd5 19.exd5 Qc7 20.Nc6 Rd7 21.Ne7+ Rxe7 22.d6 Qxd6 23.Rxd6 Rxe1+ 24.Rd1 Re7
25.f3 Rce8 26.Rd2 { ...0-1, Kramnik Vladimir 2780 - Kasparov Garry 2815 ,
Moscow 1998 Match (blitz) } ) 7.dxc5 d4 8.Qg3 Nc6 ( 8...O-O 9.Bh6 Ne8 10.h4
Nd7 11.h5 Qc7 12.Rh3 f5 13.Qxc7 Nxc7 14.Bg5 e5 15.Be7 Re8 16.Bd6 Ne6 17.Rd1
Nexc5 18.f4 exf4 19.Nf3 d3 20.h6 g6 21.Ng5 Ne4 22.Bxf4 dxe2 23.Bxe2 Nxg5
24.Bxg5 Nc5 25.Re3 Ne4 26.Bf3 Kf7 27.Bh4 Be6 28.Rd4 { ...1-0, Morozevich
Alexander 2755 - Akopian Vladimir 2713 , Crete 29.10.2007 Ch Europe (team) } )
9.b4 ( 9.Nf3 e5 10.Nxe5 Qa5+ 11.Kd1 Nxe5 12.Qxe5+ Be6 13.Bd2 Qa4+ 14.Ke1 Rd8
15.c6 Qxc6 16.Qb5 Bxc4 17.Qxc6+ bxc6 18.Rc1 Bb5 19.Bb4 Kd7 20.Bc5 Ke6 21.f3 a5
22.Kf2 Rd5 23.e4 dxe3+ 24.Bxe3 Bxf1 25.Rhxf1 Kd7 26.Rc2 Rb8 27.Rfc1 Rd3 28.Ke2
Rd6 { ...1/2-1/2, Carlsen Magnus 2714 - Naiditsch Arkadij 2647 , Khanty
Mansyisk 27.11.2007 Cup World } ) ( 9.Qxg7 Rg8 10.Qh6 Na5 11.b4 Nxc4 12.Nf3 a5
13.Nd2 Ne5 14.Bb2 axb4 15.axb4 Rxa1+ 16.Bxa1 Nc6 17.Nc4 Nxb4 18.Qd2 Nc6
19.Nd6+ Ke7 20.e3 Bd7 21.exd4 Qa8 22.Bb2 Qa2 23.f3 Qb1+ 24.Kf2 Ra8 25.Rg1 Ra2
26.Nc4 Na5 27.Bd3 Nxc4 28.Bxb1 Rxb2 { ...1/2-1/2, Jaeger Frode Bull 2096 -
Brodsky Michail 2595 , Tromsoe 9. 8.2007 It (open) "Arctic Chess Challenge" }
) 9...e5 ( 9...O-O 10.Bg5 e5 11.Nf3 e4 12.Ne5 Nxe5 13.Qxe5 a5 14.b5 Be6 15.Rd1
Nd7 16.Qg3 f6 17.Bh6 Qe7 18.Rxd4 Nxc5 19.Bf4 Qf7 20.Bd6 Rfc8 21.e3 Nb3 22.c5
Nxd4 23.exd4 Bc4 24.Qc3 Bxf1 25.Rxf1 Qa2 26.b6 Qb1+ 27.Ke2 Qb5+ 28.Ke1 Qb1+
29.Ke2 { ...0-1, El Gindy Essam 2455 - Sax Gyula 2525 , Cairo 1998 It
(sheveningen) } ) 10.e4 O-O { +0.18 CAP N } ( 10...dxe3 11.Bxe3 O-O 12.Rd1 Qe7
13.Nf3 Bg4 14.Be2 a5 15.b5 Bxf3 16.Bxf3 Nd4 17.O-O Ne4 18.Qh3 Nxf3+ 19.Qxf3
Nxc5 20.Rd5 Na4 21.Qf5 Qxa3 22.Qxe5 Rfe8 23.Qc7 b6 24.Rd7 Rac8 25.Qb7 Qf8
26.Rc1 Rxe3 27.fxe3 Nc5 28.Qd5 Qe8 29.Rd1 Qxe3+ 30.Kh1 { ...1/2-1/2, Gurevich
Mikhail 2643 - Azarov Sergei 2579 , Istanbul 5. 9.2006 It (open) } ) 11.Bd3 b6
12.Nf3 Nh5 13.Qg5 Qxg5 14.Bxg5 bxc5 15.b5 Na5 16.Bd2 Nb3 17.Rb1 Nxd2 18.Nxd2
a6 19.g3 axb5 20.cxb5 Rxa3 21.Ke2 Bb7 { ?! } ( 21...Rc3 { !? } 22.Rbc1 Be6
23.Rxc3 dxc3 24.Nc4 f6 25.Rc1 Rb8 26.Na3 c4 27.Bxc4 Bxc4+ 28.Nxc4 Rxb5 { } )
22.Rhc1 Rc8 23.Nc4 Ra2+ 24.Ke1 Rd8 25.Nxe5 Nf6 26.Bc4 d3 27.Nxd3 Raa8 28.f3
Nd7 29.Bb3 Rdc8 30.Rc3 Kf8 31.Rbc1 Ra3 32.Nb2 Nb6 33.Nc4 Nxc4 34.Bxc4 Rca8
35.Rxa3 Rxa3 36.Be2 f5 37.exf5 Bxf3 38.Bxf3 Rxf3 39.Rb1 Rd3 40.b6 Rd8 41.b7
Rb8 42.Kd2 Ke7 43.Kc3 Kd6 44.g4 h6 45.Kc4 Kc6 46.h4 { 917067049=ZE5Y233
917067049=ZE5Y123 917067049=ZE5Y239 } 46...Rxb7 { 917067049=ZE5Y123
917067049=ZE5Y241 } 47.Rxb7 { 917067049=ZE5Y123 917067049=ZE5Y151 } 47...Kxb7
48.g5 hxg5 { 917067049=ZE5Y69 917067049=ZE5Y7 917067049=ZE5Y71 } 49.hxg5 {
917067049=ZE5Y55 917067049=ZE5Y53 917067049=ZE5Y7 917067049=ZE5Y59 } {#r} 1-0

[Event "Ch Europe (active)"]
[Site "masterchessopen.com Warsaw (Poland)"]
[Date "2007.12.15"]
[Round "6"]
[White "Lafuente Pablo (ARG)"]
[Black "Peralta Fernando (ARG)"]
[Result "0-1"]
[WhiteElo "2489"]
[BlackElo "2546"]

{ } 1.d4 Nf6 2.c4 e6 3.Nc3 Bb4 4.Qc2 d5 5.a3 Bxc3+ 6.Qxc3 dxc4 7.Qxc4 b6 { = }
8.Bf4 ( 8.Nf3 O-O 9.Bf4 Ba6 10.Qc2 Nbd7 11.Rd1 Qc8 12.g3 c5 13.Bg2 Bb7 14.dxc5
{ 1/2-1/2, Gurevich Mikhail 2627 - Adams Michael 2729 , Khanty Mansyisk
27.11.2007 Cup World } ) 8...Ba6 ( 8...Nd5 9.Bg3 Ba6 10.Qa4+ Qd7 11.Qc2 Qb5
12.Nf3 Nc6 13.Rc1 Nde7 14.b4 Qh5 15.Qa4 Bb5 16.Qb3 Qd5 17.Qxd5 exd5 18.e3 Bxf1
19.Kxf1 Rc8 20.Ke2 f6 21.b5 Na5 22.Rxc7 Rxc7 23.Bxc7 Kd7 24.Bg3 Rc8 25.Kd3 Nc4
26.Ra1 Nf5 27.Nh4 Nfd6 28.Bxd6 { ...1/2-1/2, Carlsen Magnus 2710 - Onischuk
Alexander 2650 , Biel 2. 8.2007 It (cat.18) (play-off) (blitz) } ) 9.Qxc7 (
9.Qa4+ Qd7 10.Qxd7+ Nbxd7 11.Rc1 c5 12.dxc5 Nxc5 13.Nf3 O-O 14.Bd6 Nb3 15.Rc3
Ne4 16.Rxb3 Nxd6 17.e3 Rac8 18.Kd1 Bb7 19.Bd3 f6 20.Rg1 Ne4 21.Ke2 Nc5 22.Rc3
Nxd3 23.Rxc8 Nf4+ 24.exf4 Rxc8 25.Rd1 Rc2+ 26.Kd3 Rc5 27.Ke3 Bd5 28.g3 {
1/2-1/2, Golod Vitali 2571 - Perelshteyn Eugene 2526 , Las Vegas 17. 6.2006 It
"National Open" } ) 9...Qxc7 10.Bxc7 O-O { +0.76 CAP N } ( 10...Nc6 11.Nf3 (
11.Rc1 Nxd4 12.Be5 Nb3 13.Rc3 Nc5 14.Bxf6 gxf6 15.e3 Bxf1 16.Kxf1 O-O 17.Ke2
Rac8 18.Nf3 Na4 19.Rcc1 Nxb2 20.Nd4 Nc4 21.Rc3 Nd6 22.Rhc1 Rxc3 23.Rxc3 Rc8
24.Rd3 e5 25.Ne6 Nc4 26.Nd8 Kf8 27.Nb7 Ke7 28.a4 Rc7 29.Rc3 Rc6 30.Rd3 {
...0-1, Lalic Bogdan 2550 - Plaskett Jim 2513 , London 1999 It "Redbus"
(play-off) } ) 11...Rc8 12.Be5 Nxe5 13.dxe5 Nd7 14.b4 Bb7 15.e3 Bxf3 16.gxf3
Nxe5 17.Bb5+ Ke7 18.f4 Nd7 19.Ba6 Rc2 20.Bd3 Rc7 21.Kd2 Nf6 22.Rac1 Rhc8
23.Rxc7+ Rxc7 24.Rg1 g6 25.h3 { 1/2-1/2, Baburin Alexander 2590 - Short Nigel
D 2670 , Isle of Man 1998 It (open) } ) ( 10...Nbd7 11.Bf4 Rc8 12.f3 Rc2
13.Rb1 Nd5 14.Nh3 Nxf4 15.Nxf4 g5 16.Nh3 g4 17.Nf4 Ke7 18.e4 Bxf1 19.Rxf1 gxf3
20.Rxf3 Rhc8 21.e5 b5 22.Kd1 Nb6 23.Ne2 a6 24.Rd3 h5 25.g3 Kd7 26.Rd2 R2c4
27.Nf4 Ke7 28.Ke2 h4 29.g4 Rc1 30.Rxc1 { ...1/2-1/2, Bocharov Dmitry 2605 -
Kornev Alexei 2567 , Krasnoyarsk 9. 9.2007 Ch Russia (Higher League) } )
11.Bf4 Nbd7 12.f3 Rac8 13.Nh3 Rc2 14.Rb1 Rfc8 15.Nf2 Bc4 16.Nd1 Nd5 17.Bd2 e5
18.e4 { ?! } ( 18.b3 { !? } 18...Bb5 19.a4 Ba6 20.Ne3 Nxe3 21.Bxe3 Ra2 22.Kf2
{ } ) 18...Bxf1 19.Rxf1 exd4 20.Rf2 Ne7 21.Bb4 Ng6 22.Rxc2 Rxc2 23.Bd2 Nh4
24.Ke2 Ne5 25.Rc1 d3+ 26.Kf1 Nc4 { } {#R} 0-1

[Event "Ch Europe (active)"]
[Site "masterchessopen.com Warsaw (Poland)"]
[Date "2007.12.15"]
[Round "8"]
[White "Schmidt Wlodzimierz (POL)"]
[Black "Balogh Csaba (HUN)"]
[Result "0-1"]
[WhiteElo "2410"]
[BlackElo "2562"]

1.d4 Nf6 2.c4 e6 3.Nc3 Bb4 4.Qc2 d5 5.a3 Bxc3+ 6.Qxc3 c5 7.dxc5 d4 8.Qg3 O-O
9.b4 a5 10.b5 Nbd7 11.Bb2 e5 12.Rd1 Ne4 13.Qf3 Ndxc5 14.e3 d3 15.Bc1 Be6 {#R}
0-1

[Event "Ch Marshall Chess Club"]
[Site "masterchessopen.com New York (USA)"]
[Date "2007.12.16"]
[Round "9"]
[White "Sarkar Justin (USA)"]
[Black "Hess Robert L (USA)"]
[Result "0-1"]
[WhiteElo "2413"]
[BlackElo "2445"]

1.d4 Nf6 2.c4 e6 3.Nc3 Bb4 4.Qc2 d5 5.a3 Bxc3+ 6.Qxc3 c5 7.dxc5 d4 8.Qg3 O-O
9.Bh6 Ne8 10.Bf4 Nc6 11.O-O-O f6 12.Bd6 Nxd6 13.cxd6 e5 14.e3 Qxd6 15.Nf3 Ne7
16.Bd3 Bf5 17.Bxf5 Nxf5 18.Qg4 Qe6 19.exd4 Nxd4 20.Qxe6+ Nxe6 21.Rd7 Nc5
22.Rd5 Rac8 23.Nd2 Rf7 24.g3 Rfc7 25.Kb1 Kf7 26.b4 Nd7 27.Ne4 Ke6 28.Rhd1 Nb6
29.Rd6+ Kf5 30.c5 Nc4 31.f3 Nxa3+ 32.Ka2 Nb5 33.R6d3 Ke6 34.Nd6 Nxd6 35.Rxd6+
Kf5 36.R1d2 a5 37.Kb3 axb4 38.Kxb4 Rxc5 39.Rb6 Rc2 40.Rxc2 Rxc2 41.Kb3 Rxh2
{#R} 0-1

[Event "Ch Europe (active)"]
[Site "masterchessopen.com Warsaw (Poland)"]
[Date "2007.12.16"]
[Round "11"]
[White "Sumets Andrey (UKR)"]
[Black "Macieja Bartlomiej (POL)"]
[Result "0-1"]
[WhiteElo "2529"]
[BlackElo "2606"]

{ } 1.d4 Nf6 2.c4 e6 3.Nc3 Bb4 4.Qc2 d5 5.a3 Bxc3+ 6.Qxc3 dxc4 7.Qxc4 b6 { = }
8.Bf4 ( 8.Nf3 O-O 9.Bf4 Ba6 10.Qc2 Nbd7 11.Rd1 Qc8 12.g3 c5 13.Bg2 Bb7 14.dxc5
{ 1/2-1/2, Gurevich Mikhail 2627 - Adams Michael 2729 , Khanty Mansyisk
27.11.2007 Cup World } ) 8...Ba6 ( 8...Nd5 9.Bg3 Ba6 10.Qa4+ Qd7 11.Qc2 Qb5
12.Nf3 Nc6 13.Rc1 Nde7 14.b4 Qh5 15.Qa4 Bb5 16.Qb3 Qd5 17.Qxd5 exd5 18.e3 Bxf1
19.Kxf1 Rc8 20.Ke2 f6 21.b5 Na5 22.Rxc7 Rxc7 23.Bxc7 Kd7 24.Bg3 Rc8 25.Kd3 Nc4
26.Ra1 Nf5 27.Nh4 Nfd6 28.Bxd6 { ...1/2-1/2, Carlsen Magnus 2710 - Onischuk
Alexander 2650 , Biel 2. 8.2007 It (cat.18) (play-off) (blitz) } ) 9.Qxc7 (
9.Qa4+ Qd7 10.Qxd7+ Nbxd7 11.Rc1 c5 12.dxc5 Nxc5 13.Nf3 O-O 14.Bd6 Nb3 15.Rc3
Ne4 16.Rxb3 Nxd6 17.e3 Rac8 18.Kd1 Bb7 19.Bd3 f6 20.Rg1 Ne4 21.Ke2 Nc5 22.Rc3
Nxd3 23.Rxc8 Nf4+ 24.exf4 Rxc8 25.Rd1 Rc2+ 26.Kd3 Rc5 27.Ke3 Bd5 28.g3 {
1/2-1/2, Golod Vitali 2571 - Perelshteyn Eugene 2526 , Las Vegas 17. 6.2006 It
"National Open" } ) 9...Qxc7 10.Bxc7 Nc6 ( 10...Nbd7 11.Bf4 Rc8 12.f3 Rc2
13.Rb1 Nd5 14.Nh3 Nxf4 15.Nxf4 g5 16.Nh3 g4 17.Nf4 Ke7 18.e4 Bxf1 19.Rxf1 gxf3
20.Rxf3 Rhc8 21.e5 b5 22.Kd1 Nb6 23.Ne2 a6 24.Rd3 h5 25.g3 Kd7 26.Rd2 R2c4
27.Nf4 Ke7 28.Ke2 h4 29.g4 Rc1 30.Rxc1 { ...1/2-1/2, Bocharov Dmitry 2605 -
Kornev Alexei 2567 , Krasnoyarsk 9. 9.2007 Ch Russia (Higher League) } )
11.Nf3 ( 11.Rc1 Nxd4 12.Be5 Nb3 13.Rc3 Nc5 14.Bxf6 gxf6 15.e3 Bxf1 16.Kxf1 O-O
17.Ke2 Rac8 18.Nf3 Na4 19.Rcc1 Nxb2 20.Nd4 Nc4 21.Rc3 Nd6 22.Rhc1 Rxc3 23.Rxc3
Rc8 24.Rd3 e5 25.Ne6 Nc4 26.Nd8 Kf8 27.Nb7 Ke7 28.a4 Rc7 29.Rc3 Rc6 30.Rd3 Nb2
{ ...0-1, Lalic Bogdan 2550 - Plaskett Jim 2513 , London 1999 It "Redbus"
(play-off) } ) 11...Rc8 { +0.26 CAP } 12.Bf4 { N } ( 12.Be5 Nxe5 13.dxe5 Nd7
14.b4 Bb7 15.e3 Bxf3 16.gxf3 Nxe5 17.Bb5+ Ke7 18.f4 Nd7 19.Ba6 Rc2 20.Bd3 Rc7
21.Kd2 Nf6 22.Rac1 Rhc8 23.Rxc7+ Rxc7 24.Rg1 g6 25.h3 { 1/2-1/2, Baburin
Alexander 2590 - Short Nigel D 2670 , Isle of Man 1998 It (open) } ) 12...Na5
13.Rb1 Nb3 14.e3 Bxf1 15.Rxf1 Ne4 16.Ke2 f5 17.Kd3 O-O 18.Ng5 { ? } ( { ? }
18.h4 Rfd8 19.Rbd1 Nbc5+ 20.Ke2 Na4 21.Rc1 Nxb2 22.Ng5 Nc3+ 23.Kd2 Ne4+ 24.Ke2
Nc3+ 25.Kd2 { } ) 18...e5 19.f3 Nxg5 20.Bxg5 e4+ 21.Ke2 Rc2+ 22.Ke1 Rxg2
23.Be7 Re8 24.Bb4 f4 25.fxe4 fxe3 26.d5 e2 27.Rf3 Nd4 28.Rg3 Nc2+ { } {#R} 0-1

[Event "Ch Russia (superfinal)"]
[Site "masterchessopen.com Moscow (Russia)"]
[Date "2007.12.29"]
[Round "10"]
[White "Dreev Alexey (RUS)"]
[Black "Sakaev Konstantin (RUS)"]
[Result "0-1"]
[WhiteElo "2607"]
[BlackElo "2634"]

{ } 1.d4 Nf6 2.c4 e6 3.Nc3 Bb4 4.Qc2 d5 5.a3 Bxc3+ 6.Qxc3 { = } 6...c5 (
6...Ne4 7.Qc2 Nc6 8.e3 e5 9.cxd5 Qxd5 10.Bc4 Qa5+ 11.b4 Nxb4 12.Qxe4 Nc2+
13.Ke2 Qe1+ 14.Kf3 Nxa1 15.Bb2 O-O 16.Kg3 h6 17.h4 Re8 18.Kh2 Qxf2 19.Bxa1 Bf5
20.Qxb7 exd4 21.Nf3 Be4 22.Qxc7 Bxf3 23.Qxf7+ Kh8 24.Qxf3 Qxh4+ 25.Kg1 Qe1+
26.Bf1 { ...1/2-1/2, Kasparov Garry 2813 - Adams Michael 2740 , Izmir
7.10.2004 Cup European Club } ) ( 6...Nc6 7.Bg5 dxc4 8.e3 h6 9.Bxf6 Qxf6
10.Nf3 O-O 11.Bxc4 Re8 12.Rd1 a6 13.O-O Bd7 14.Rd2 Qe7 15.Ba2 Qd6 16.Rc1 Rac8
17.Bb1 Ne7 18.Ne5 Nd5 19.Qb3 Bb5 20.Qc2 Nf6 21.h3 Red8 22.Ng4 Qe7 23.Nxf6+
Qxf6 24.Qh7+ Kf8 25.Rdc2 Bc6 26.Rc5 { ...1/2-1/2, Gurevich Mikhail 2652 -
Parligras Mircea 2577 , Warsaw 28. 6.2005 Ch Europe } ) ( 6...dxc4 7.Qxc4 b6
8.Nf3 Ba6 9.Qc2 Nbd7 10.Bg5 O-O 11.e4 Bxf1 12.Rxf1 h6 13.Bxf6 Nxf6 14.O-O-O
Rc8 15.Kb1 Qe7 16.Rfe1 Rfd8 17.Ne5 c5 18.d5 exd5 19.exd5 Qc7 20.Nc6 Rd7
21.Ne7+ Rxe7 22.d6 Qxd6 23.Rxd6 Rxe1+ 24.Rd1 Re7 25.f3 Rce8 26.Rd2 { ...0-1,
Kramnik Vladimir 2780 - Kasparov Garry 2815 , Moscow 1998 Match (blitz) } )
7.dxc5 d4 8.Qg3 Nc6 9.Nf3 ( 9.b4 e5 10.e4 ( 10.Bg5 O-O 11.Nf3 e4 12.Ne5 Nh5 {
+0.48 CAP } ) 10...O-O 11.Bd3 b6 12.Nf3 Nh5 13.Qg5 Qxg5 14.Bxg5 bxc5 15.b5 Na5
16.Bd2 Nb3 17.Rb1 Nxd2 18.Nxd2 a6 19.g3 axb5 20.cxb5 Rxa3 21.Ke2 Bb7 22.Rhc1
Rc8 23.Nc4 Ra2+ 24.Ke1 Rd8 25.Nxe5 Nf6 26.Bc4 d3 27.Nxd3 Raa8 28.f3 Nd7 {
...1-0, Carlsen Magnus 2714 - Naiditsch Arkadij 2647 , Khanty Mansyisk
29.11.2007 Cup World (active) } ) ( 9.Qxg7 Rg8 10.Qh6 Na5 11.b4 Nxc4 12.Nf3 a5
13.Nd2 Ne5 14.Bb2 axb4 15.axb4 Rxa1+ 16.Bxa1 Nc6 17.Nc4 Nxb4 18.Qd2 Nc6
19.Nd6+ Ke7 20.e3 Bd7 21.exd4 Qa8 22.Bb2 Qa2 23.f3 Qb1+ 24.Kf2 Ra8 25.Rg1 Ra2
26.Nc4 Na5 27.Bd3 Nxc4 28.Bxb1 Rxb2 { ...1/2-1/2, Jaeger Frode Bull 2096 -
Brodsky Michail 2595 , Tromsoe 9. 8.2007 It (open) "Arctic Chess Challenge" }
) 9...e5 { +0.00 CAP } ( 9...O-O 10.Bh6 Ne8 11.h4 e5 12.h5 f5 13.e3 Qa5+
14.Nd2 Kh8 15.Bg5 h6 16.Bh4 f4 17.exf4 exf4 18.Qf3 Bf5 19.O-O-O Nc7 20.Ne4 Na6
21.Nd6 Bh7 22.g4 Nxc5 23.Nf5 Rxf5 24.gxf5 Bxf5 25.Rh3 Qa4 26.Rd2 Nb4 27.Re2
Na2+ { 0-1, Gasanov Eldar 2503 - Miroshnichenko Evgenij 2651 , Kharkov
18.11.2007 Ch Ukraine } ) 10.b4 { N } ( 10.Nxe5 Qa5+ 11.Kd1 Nxe5 12.Qxe5+ Be6
13.Bd2 Qa4+ 14.Ke1 Rd8 15.c6 Qxc6 16.Qb5 Bxc4 17.Qxc6+ bxc6 18.Rc1 Bb5 19.Bb4
Kd7 20.Bc5 Ke6 21.f3 a5 22.Kf2 Rd5 23.e4 dxe3+ 24.Bxe3 Bxf1 25.Rhxf1 Kd7
26.Rc2 Rb8 27.Rfc1 Rd3 28.Ke2 Rd6 29.Bf4 Re6+ { ...1/2-1/2, Carlsen Magnus
2714 - Naiditsch Arkadij 2647 , Khanty Mansyisk 27.11.2007 Cup World } )
10...O-O 11.Nxe5 Ne4 12.Nxc6 bxc6 13.Qd3 Bf5 14.Bb2 Qg5 15.h4 Qh6 16.Bxd4 { ?!
} ( 16.Rd1 { !? } 16...Rad8 17.Qf3 Qe6 18.Bxd4 Rd7 19.Qf4 Rfd8 20.f3 Nc3
21.Bxc3 Rxd1+ 22.Kf2 Bc2 23.h5 { } ) 16...Nxf2 17.Qxf5 Nxh1 18.Qg5 Qxg5
19.hxg5 Rfe8 20.e3 Ng3 21.Bd3 Ne4 22.b5 Nxg5 23.Kd2 Ne4+ 24.Bxe4 Rxe4 25.Kc3
f5 26.b6 a5 { ?! } ( 26...Rc8 { !? } 27.Kb4 f4 28.Re1 Re7 29.Kc3 fxe3 { } )
27.Rf1 g6 28.Kb3 h5 29.Rf4 Re7 30.e4 fxe4 31.Bf6 { ? } ( 31.Rf6 e3 32.Rxg6+
Kf8 33.Rxc6 e2 34.Bf2 e1=Q 35.Bxe1 Rxe1 36.Ka4 Rb8 37.Rh6 Kg7 38.Rxh5 { } )
31...Re6 32.Kc2 e3 33.Kd1 e2+ 34.Ke1 a4 35.Bh4 Kg7 { ? } ( 35...Rae8 36.Bf2
Rd8 37.Rd4 Rf8 38.Rd6 Ree8 39.Bg3 Rf1+ 40.Kd2 Rd1+ 41.Kc2 Re3 42.Bh4 g5 { } )
36.Rf2 { ?! } ( 36.Bg5 { !? } 36...Rb8 37.Rf2 Re4 38.Rf4 Re3 39.Rf8 Kxf8
40.Bxe3 Ke7 { } ) 36...Rae8 37.Bg3 Re3 38.Rf3 Rb3 39.Rxb3 axb3 40.Kd2 b2
41.Kc2 Re3 42.Be1 { 1861107228=ZE5Y485 1861107228=ZE5Y519 } 42...Rxa3 {
1861107228=ZE5Y485 1861107228=ZE5Y521 } 43.Kxb2 Rd3 44.Kc2 Rd1 45.b7 Rd8 {
1861107228=ZE5Y485 1861107228=ZE5Y519 } {#R} 0-1

[Event "Tournament (weekend)"]
[Site "masterchessopen.com Bydgoszcz (Poland)"]
[Date "2007.12.30"]
[Round "5"]
[White "Lech Piotr (POL)"]
[Black "Szybowicz Piotr (POL)"]
[Result "0-1"]
[WhiteElo "1834"]
[BlackElo "2016"]

1.d4 Nf6 2.c4 e6 3.Nc3 Bb4 4.Qc2 d5 5.a3 Bxc3+ 6.Qxc3 O-O 7.Bg5 c6 8.e3 h6
9.Bxf6 Qxf6 10.Ne2 Nd7 11.Ng3 c5 12.cxd5 cxd4 13.Qxd4 Qxd4 14.exd4 exd5 15.Bd3
Nf6 16.O-O Bd7 17.Rfe1 Rfe8 18.Nf5 Bxf5 19.Bxf5 Kf8 20.Kf1 Ne4 21.Rad1 Re7
22.f3 Nd6 23.Rxe7 Kxe7 24.Re1+ Kf6 25.Bd3 Re8 26.Rxe8 Nxe8 27.Ke2 Nd6 28.Ke3
Ke6 29.b3 Nf5+ 30.Bxf5+ Kxf5 31.h4 h5 32.g3 g5 33.hxg5 Kxg5 34.Kf2 f5 35.f4+
Kg4 36.Kg2 h4 37.gxh4 Kxh4 38.Kf3 Kh3 39.b4 b5 {#R} 0-1

[Event "It (open) (challengers) (1)"]
[Site "masterchessopen.com Gibraltar (England)"]
[Date "2008.01.25"]
[Round "4"]
[White "Hagen Anders Gjerdum (NOR)"]
[Black "Jap Tjoen San Linda (NED)"]
[Result "1-0"]
[WhiteElo "2110"]
[BlackElo "2175"]

1.d4 Nf6 2.c4 e6 3.Nc3 Bb4 4.Qc2 d5 5.a3 Bxc3+ 6.Qxc3 c5 7.dxc5 d4 8.Qc2 e5
9.e3 Nc6 10.Bd3 Qe7 11.exd4 Nxd4 12.Qc3 a5 13.Be3 a4 14.Ne2 Nb3 15.Rd1 Nxc5
16.Bb1 Ng4 17.Rd5 Ne6 18.O-O Nc7 19.Ra5 Nxe3 20.Rxa8 Nxa8 21.Qxe3 O-O 22.Nc3
Qc7 23.Qd3 g6 24.Nxa4 Be6 25.b3 Rd8 26.Qe3 Qd6 27.c5 Qd4 28.b4 Nc7 29.Nc3 f5
30.Re1 Qxe3 31.fxe3 Bb3 32.Kf2 Kf7 33.Re2 Kf6 34.Rb2 Bc4 35.Ke1 Ra8 36.a4 Nd5
37.Nxd5+ Bxd5 38.a5 h5 39.h4 g5 40.Rd2 Be6 41.Rd6 Ke7 42.hxg5 Rg8 43.a6 bxa6
44.Rxa6 Rxg5 45.Kf2 Bd5 46.e4 fxe4 47.Rh6 e3+ 48.Kxe3 Rxg2 49.Be4 Rg4 {#r} 1-0

[Event "It (open)"]
[Site "masterchessopen.com Moscow (Russia)"]
[Date "2008.02.03"]
[Round "2"]
[White "Filipenko Alexander V (RUS)"]
[Black "Iordachescu Viorel (MDA)"]
[Result "0-1"]
[WhiteElo "2343"]
[BlackElo "2572"]

1.d4 Nf6 2.c4 e6 3.Nc3 Bb4 4.Qc2 d5 5.a3 Bxc3+ 6.Qxc3 dxc4 7.Qxc4 b6 8.Nf3 Ba6
9.Qa4+ Qd7 10.Qd1 O-O 11.g3 c5 12.Bg2 Nc6 13.dxc5 Qxd1+ 14.Kxd1 bxc5 15.Nd2
Rac8 16.h3 Rfd8 17.Re1 Nd4 18.a4 Nd5 19.Ra3 Nb4 20.Be4 f5 21.Bb1 g5 22.g4 Rc7
23.gxf5 exf5 24.Rg3 h6 25.h4 Rcd7 26.f4 g4 27.e4 Nf3 28.Rg2 Nxe1 29.Kxe1 Nd3+
{#R} 0-1

[Event "It (open)"]
[Site "masterchessopen.com Brentwood (England)"]
[Date "2008.02.17"]
[Round "5"]
[White "Eames Robert (ENG)"]
[Black "Buckley Graeme (ENG)"]
[Result "0-1"]
[WhiteElo "2329"]
[BlackElo "2399"]

1.d4 Nf6 2.c4 e6 3.Nc3 Bb4 4.Qc2 d5 5.a3 Bxc3+ 6.Qxc3 dxc4 7.Qxc4 b6 8.Bf4 O-O
9.Nf3 Ba6 10.Qxc7 Qd5 11.Qd6 Qf5 12.g4 Qc2 13.Rc1 Qxb2 14.Qb4 Qa2 15.Bd6 Rd8
16.Bg3 Nbd7 17.e3 Rac8 18.Rd1 Nd5 19.Qd2 Qxa3 20.Bxa6 Qxa6 21.Qd3 Qb7 22.O-O
b5 23.Ng5 N7f6 24.e4 Nc3 25.e5 Rxd4 {#R} 0-1

[Event "It (cat.12)"]
[Site "masterchessopen.com Nancy (France)"]
[Date "2008.02.21"]
[Round "6"]
[White "Nezar Mustapha (FRA)"]
[Black "Roussel-Roozmon Thomas (CAN)"]
[Result "0-1"]
[WhiteElo "2399"]
[BlackElo "2486"]

1.d4 Nf6 2.c4 e6 3.Nc3 Bb4 4.Qc2 d5 5.a3 Bxc3+ 6.Qxc3 c5 7.dxc5 d4 8.Qc2 e5
9.e3 Nc6 10.b4 O-O 11.e4 a5 12.Rb1 axb4 13.axb4 Nh5 14.Nf3 Qf6 15.Be2 Nf4
16.O-O d3 17.Bxd3 Nxg2 18.Be2 Nf4 19.Bxf4 Qxf4 20.Kh1 Ra3 21.b5 Rxf3 22.bxc6
Rh3 {#R} 0-1